|
|
|
|
| LEADER |
00000nam0a2200000 4500 |
| 001 |
262099 |
| 005 |
20231101233624.0 |
| 010 |
|
|
|a 5020285730
|
| 035 |
|
|
|a (RuTPU)RU\TPU\book\285081
|
| 090 |
|
|
|a 262099
|
| 100 |
|
|
|a 20140529d1988 k y0rusy50 ca
|
| 101 |
0 |
|
|a rus
|
| 102 |
|
|
|a RU
|
| 105 |
|
|
|a a z 001zy
|
| 200 |
1 |
|
|a Методы улучшения в вычислительном эксперименте
|e [монография]
|f Академия наук СССР (АН СССР), Сибирское отделение (СО), Иркутский вычислительный центр (ИВЦ) ; отв. ред. В. А. Дыхта , А. И. Тятюшкин
|
| 210 |
|
|
|a Новосибирск
|c Наука
|d 1988
|
| 215 |
|
|
|a 181 с.
|c ил.
|
| 320 |
|
|
|a Библиогр.: с. 179-182.
|
| 606 |
1 |
|
|a Автоматическое управление оптимальное
|x Математические исследования
|2 stltpush
|3 (RuTPU)RU\TPU\subj\71979
|9 85627
|
| 610 |
1 |
|
|a вычислительный эксперимент
|
| 610 |
1 |
|
|a математические исследования
|
| 610 |
1 |
|
|a методы
|
| 610 |
1 |
|
|a настройка
|
| 610 |
1 |
|
|a модификации
|
| 610 |
1 |
|
|a оптимальное управление
|
| 610 |
1 |
|
|a задачи
|
| 610 |
1 |
|
|a преобразование
|
| 610 |
1 |
|
|a монографии
|
| 675 |
|
|
|a 681.51.01:519
|v 3
|
| 702 |
|
1 |
|a Дыхта
|b В. А.
|4 340
|
| 702 |
|
1 |
|a Тятюшкин
|b А. И.
|4 340
|
| 712 |
0 |
2 |
|a Академия наук СССР (АН СССР)
|b Сибирское отделение (СО)
|b Иркутский вычислительный центр (ИВЦ)
|2 stltpush
|3 (RuTPU)RU\TPU\col\10610
|
| 801 |
|
1 |
|a RU
|b 63413507
|c 20140529
|
| 801 |
|
2 |
|a RU
|b 63413507
|c 20150428
|g RCR
|
| 942 |
|
|
|c BK
|